DFB Rekordnationalspieler ohne Tor seit 1980 - Statistiken

Allgemein
  • Dieses Quiz wurde 36 mal gespielt
  • Das Durchschnittsergebnis liegt bei 7 aus 27
Antwortstatistiken
Anzahl Spiele Position Debüt Antwort % Korrekt
37 IV 26.03.2016 Jonathan Tah
64%
20 IV 26.03.2022 Nico Schlotterbeck
61%
47 IV 15.08.2001 Christoph Metzelder
57%
28 LV 05.09.2021 David Raum
50%
12 LV 13.05.2010 Dennis Aogo
39%
18 DM 21.11.2023 Robert Andrich
39%
66 IV 22.04.1992 Christian Wörns
36%
27 Libero 05.10.1983 Klaus Augenthaler
32%
22 IV 20.03.2019 Lukas Klostermann
32%
16 LV 17.11.2010 Marcel Schmelzer
32%
14 IV 09.10.2019 Robin Koch
32%
19 RV 11.11.2016 Benjamin Henrichs
29%
12 DM 13.05.2014 Christoph Kramer
29%
14 IV 20.08.2008 Serdar Tasci
29%
10 DM 02.06.2009 Christian Träsch
21%
19 LV 09.10.1996 Michael Tarnat
21%
28 IV 09.09.2018 Thilo Kehrer
21%
13 MS 02.09.1998 Paulo Rink
18%
21 DM 22.02.1995 Steffen Freund
18%
11 RV 16.12.2004 Patrick Owomoyela
14%
31 DM 18.12.1993 Dieter Eilts
11%
17 MS 21.03.1982 Frank Mill
11%
21 RV 30.04.2003 Andreas Hinkel
7%
11 LV 25.03.1987 Hans Pflügler
7%
10 ZM 19.11.1980 Karl Allgöwer
4%
19 LV 12.09.1984 Michael Frontzeck
4%
37 DM 23.02.1983 Wolfgang Rolff
4%
Keine übereinstimmenden Quizze gefunden
Verteilung der Resultate
Anzahl Personen mit jedem Resultat
Perzentil nach korrekt beantworteten Fragen
Ihre Resultats-Entwicklung
Sie haben dieses Quiz noch nicht gespielt